| 000 | 00545cam a2200205 i 4500 | ||
|---|---|---|---|
| 001 | 108571 | ||
| 005 | 20230410132633.0 | ||
| 008 | 130128b1986 sp a 000 0 spa | ||
| 041 | 0 | _aspa | |
| 049 | _aGRAL | ||
| 050 | 1 | 4 |
_aPS 3515 _bH488i 1986 |
| 100 | 1 |
_aHemingway, Ernest, _d1899-1961. |
|
| 245 | 1 | 0 |
_aIslas en el golfo / _cErnest Hemingway |
| 260 |
_aMadrid : _bAlianza Editorial, _c1986 |
||
| 300 | _a475 p. | ||
| 500 | _atraducido de: Islands in the stream | ||
| 650 | 4 | _aCuentos estadounidenses. | |
| 942 |
_2lcc _cbk |
||
| 946 | _aYSL | ||
| 999 |
_c85084 _d85084 |
||